Catalog

Record Details

Catalog Search



All of our demise / Amanda Foody and Christine ... Read More

Foody, Amanda,(author.).
Foody, Amanda. All of us villans. Sequel to:(Added Author). ... Read More

Available copies

  • 2 of 2 copies available at LARL/NWRL Consortium. (Show)
  • 2 of 2 copies available at Lake Agassiz Regional Library.

Current holds

0 current holds with 2 total copies.

Show Only Available Copies
Location Call Number / Copy Notes Barcode Shelving Location Status Due Date
Barnesville Public Library Y FOO (Text) 33500013672605 Main Available -
Breckenridge Public Library Y FOO (Text) 33500013672613 Main Available -

Record details

  • ISBN: 9781250789341
  • ISBN: 1250789346
  • Physical Description: 468 pages : map ; 22 cm.
  • Edition: First edition.
  • Publisher: New York : Tom Doherty Associates, 2022.

Content descriptions

General Note:
"A Tom Doherty Associates Book."
Summary, etc.:
"As the curse teeters closer and closer to ... Read More
Subject: Blessing and cursing > Juvenile fiction.
Magic > Juvenile fiction.
Contests > Juvenile fiction.
Survival > Juvenile fiction.
Blessing and cursing > Fiction.
Magic > Fiction.
Contests > Fiction.
Survival > Fiction.
Genre: Fantasy fiction.
Young adult fiction.
Novels.
LDR 01967cam a22005178i 4500
001393463
003LARL_NWRL_CONSORTIUM
00520220913155223.0
008220716s2022 nyub d 000 1 eng
010 . ‡a 2022023730
040 . ‡aDLC ‡beng ‡erda ‡cDLC ‡dOJ4 ‡dRNL ‡dINR
020 . ‡a9781250789341 ‡q(hardcover)
020 . ‡a1250789346 ‡q(hardcover)
020 . ‡z9781250789358 ‡q(ebook)
035 . ‡a(OCoLC)1336461227
042 . ‡apcc
08200. ‡a[Fic] ‡223
1001 . ‡aFoody, Amanda, ‡eauthor. ‡0(LARL_NWRL_CONSORTIUM)222406
24510. ‡aAll of our demise / ‡cAmanda Foody and Christine Lynn Herman.
250 . ‡aFirst edition.
263 . ‡a2208
264 1. ‡aNew York : ‡bTom Doherty Associates, ‡c2022.
300 . ‡a468 pages : ‡bmap ; ‡c22 cm.
336 . ‡atext ‡btxt ‡2rdacontent
337 . ‡aunmediated ‡bn ‡2rdamedia
338 . ‡avolume ‡bnc ‡2rdacarrier
4900 . ‡aAll of us villains ; ‡v2
500 . ‡a"A Tom Doherty Associates Book."
520 . ‡a"As the curse teeters closer and closer to collapse, the surviving champions each face a choice: dismantle the tournament piece by piece, or fight to the death as this story was always intended."-- ‡cProvided by publisher.
650 0. ‡aBlessing and cursing ‡vJuvenile fiction.
650 0. ‡aMagic ‡vJuvenile fiction. ‡0(LARL_NWRL_CONSORTIUM)165990
650 0. ‡aContests ‡vJuvenile fiction. ‡0(LARL_NWRL_CONSORTIUM)171628
650 0. ‡aSurvival ‡vJuvenile fiction.
650 1. ‡aBlessing and cursing ‡vFiction. ‡0(LARL_NWRL_CONSORTIUM)163718
650 1. ‡aMagic ‡vFiction. ‡0(LARL_NWRL_CONSORTIUM)165984
650 1. ‡aContests ‡vFiction.
650 1. ‡aSurvival ‡vFiction.
655 7. ‡aFantasy fiction. ‡2lcgft
655 0. ‡aYoung adult fiction.
655 7. ‡aNovels. ‡2lcgft
7001 . ‡aFoody, Amanda. ‡tAll of us villans. ‡iSequel to:
7001 . ‡aHerman, Christine Lynn, ‡eauthor.
77608. ‡iOnline version: ‡aFoody, Amanda. ‡tAll of our demise. ‡bFirst edition. ‡dNew York : Tom Doherty Associates, 2022 ‡z9781250789358 ‡w(DLC) 2022023731
901 . ‡a393463 ‡bOCoLC ‡c393463 ‡tbiblio ‡soclc

Additional Resources